ARRUPE JESUIT UNIVERSITY

CORONAVIRUS -STOP THE SPREAD - CLEAN,DISINFECT,COVER

Kepler's witch (Record no. 122378)

MARC details
000 -LEADER
fixed length control field 00727nam a22001817a 4500
008 - FIXED-LENGTH DATA ELEMENTS--GENERAL INFORMATION
fixed length control field 150310b xxu||||| |||| 00| 0 eng d
020 ## - INTERNATIONAL STANDARD BOOK NUMBER
International Standard Book Number 9780060750497
050 ## - LIBRARY OF CONGRESS CALL NUMBER
Classification number QB36.K4
100 ## - MAIN ENTRY--PERSONAL NAME
Personal name Connor, James A.
9 (RLIN) 16124
245 ## - TITLE STATEMENT
Title Kepler's witch
Remainder of title an astronomer's discovery of cosmic order amid religious war, political intrigue and the hersey trial of his mother
Statement of responsibility, etc /by James A. Connor
260 ## - PUBLICATION, DISTRIBUTION, ETC. (IMPRINT)
Place of publication, distribution, etc New York
Name of publisher, distributor, etc Harper collins
Date of publication, distribution, etc 2004
300 ## - PHYSICAL DESCRIPTION
Extent xiii,402p. ;
Dimensions 24cm.
650 ## - SUBJECT ADDED ENTRY--TOPICAL TERM
Topical term or geographic name as entry element Kepler, Johannes
9 (RLIN) 16125
650 ## - SUBJECT ADDED ENTRY--TOPICAL TERM
Topical term or geographic name as entry element Keplerin, Ketharina
General subdivision Trials
9 (RLIN) 16126
650 ## - SUBJECT ADDED ENTRY--TOPICAL TERM
Topical term or geographic name as entry element Trials (witchcraft)
General subdivision Baden
-- Wusttemberg
-- History
Chronological subdivision 17th century
Geographic subdivision Germany
9 (RLIN) 16127
700 ## - ADDED ENTRY--PERSONAL NAME
Personal name Petra Sabin Jung (trans.)
9 (RLIN) 16128
942 ## - ADDED ENTRY ELEMENTS (KOHA)
Source of classification or shelving scheme Library of Congress Classification
Item type Monograph ( Printed materials)
Holdings
Withdrawn status Lost status Source of classification or shelving scheme Damaged status Not for loan Collection code Home library Current library Shelving location Date acquired Total Checkouts Full call number Barcode Date last seen Price effective from Koha item type
    Library of Congress Classification     Main Collection ARRUPE LIBRARY ARRUPE LIBRARY Main Collection 10/03/2015   QB36.K4 46500002768 02/07/2019 10/03/2015 Monograph ( Printed materials)

 

Arrupe Library. PO Box MP320 Mt Pleasant, Harare, Zimbabwe
263 242 745411|librarian@aju.ac.zw